Statistics for Harry Potter Characters By Middle Name

Click here to take the quiz!

General Stats

  • This quiz has been taken 28 times
  • The average score is 12 of 15

Answer Stats

Middle NameName% Correct
JamesHarry
100%
JeanHermione
100%
BiliusRon
100%
Percival Wulfric BrianAlbus
96%
LuciusDraco
96%
MarvoloTom
96%
MollyGinny
92%
ArthurBill
83%
NigellusPhineas
75%
ArcturusRegulus
71%
IsabelleFleur
63%
JaneDolores
54%
JohnRemus
54%
OswaldCornelius
38%
Artemis FidoNewt
33%

Score Distribution

Percentile by Number Answered

Percent of People with Each Score

Your Score History

You have not taken this quiz